| 000 | 00519 a2200145 4500 | ||
|---|---|---|---|
| 003 | Nust | ||
| 005 | 20170207154204.0 | ||
| 040 | _cNust | ||
| 082 | _a355.5 | ||
| 100 | _aC.Hanighen, Frank | ||
| 245 |
_aNothing But Danger _cFrank C.Hanighen, |
||
| 260 |
_aGeorge G. Harrap & Co Ltd _bLondon _c1940 |
||
| 300 | _a277 p | ||
| 505 | _aRevolution on the Ramblas (Page-13) Assignments in Hell (Page-47) I Hate War (Page-73) Through the Enemy's Lines (Page-91) I Cover the Waterfront (Page-113) Seen From a Skyscraper (Page-137) | ||
| 942 |
_2ddc _cBK |
||
| 999 |
_c194826 _d194826 |
||